Untersuchungshaftvermeidung für Jugendliche und Heranwachsende in Baden-Württemberg: eine Bestandsaufnahme der Umsetzung in der Praxis
| Autor principal: | |
|---|---|
| Tipo de documento: | Print Libro |
| Lenguaje: | Alemán |
| Publicado: |
Freiburg im Breisgau
Ed. Iuscrim
2004
|
| En: |
Schriftenreihe des Max-Planck-Instituts für Ausländisches und Internationales Strafrecht, Freiburg i. Br. (121)
Año: 2004 |
| Acceso en línea: |
Contenido Índice |
| Disponibilidad en Tübingen: | Disponible en Tübingen. IFK: S 75 121 UB: 45 A 1113 |
| Verificar disponibilidad: | HBZ Gateway |
| Servicio de pedido Subito: | Pedir ahora. |
| Palabras clave: | |
| Parallel Edition: | Electrónico
|
MARC
| LEADER | 00000cam a2200000 c 4500 | ||
|---|---|---|---|
| 001 | 475128885 | ||
| 003 | DE-627 | ||
| 005 | 20251223205423.0 | ||
| 007 | tu | ||
| 008 | 041215s2004 gw ||||| m 00| ||ger c | ||
| 015 | |a 05,N01,0618 |2 dnb | ||
| 016 | 7 | |a 973060328 |2 DE-101 | |
| 020 | |a 386113067X |c : EUR 31.00 |9 3-86113-067-X | ||
| 024 | 3 | |a 9783861130673 | |
| 035 | |a (DE-627)475128885 | ||
| 035 | |a (DE-576)115564799 | ||
| 035 | |a (DE-599)DNB973060328 | ||
| 035 | |a (OCoLC)231994199 | ||
| 035 | |a (OCoLC)61891800 | ||
| 035 | |a (DE-605)HT014282989 | ||
| 040 | |a DE-627 |b ger |c DE-627 |e rakwb | ||
| 041 | |a ger | ||
| 044 | |c XA-DE-BW | ||
| 082 | 0 | |a 340 | |
| 082 | 0 | |a 360 | |
| 082 | 0 | 4 | |a 360 |a 340 |
| 082 | 0 | 4 | |a 340 |a 360 |
| 084 | |a 2,1 |2 ssgn | ||
| 084 | |a PH 4420 |2 rvk |0 (DE-625)rvk/136135: | ||
| 084 | |a PH 4910 |2 rvk |0 (DE-625)rvk/136161: | ||
| 084 | |a PH 9140 |2 rvk |0 (DE-625)rvk/136534: | ||
| 084 | |a 485 |2 bwlb | ||
| 084 | |a 571 |2 bwlb | ||
| 084 | |a 86.39 |2 bkl | ||
| 084 | |a 86.80 |2 bkl | ||
| 100 | 1 | |a Hotter, Imke |d 1976- |0 (DE-588)123647584 |0 (DE-627)480697787 |0 (DE-576)185009840 |4 aut | |
| 109 | |a Hotter, Imke 1976- | ||
| 245 | 1 | 0 | |a Untersuchungshaftvermeidung für Jugendliche und Heranwachsende in Baden-Württemberg |b eine Bestandsaufnahme der Umsetzung in der Praxis |c Imke Hotter |
| 264 | 1 | |a Freiburg im Breisgau |b Ed. Iuscrim |c 2004 | |
| 300 | |a Getr. Zählung |b graph. Darst. | ||
| 336 | |a Text |b txt |2 rdacontent | ||
| 337 | |a ohne Hilfsmittel zu benutzen |b n |2 rdamedia | ||
| 338 | |a Band |b nc |2 rdacarrier | ||
| 490 | 1 | |a Schriftenreihe des Max-Planck-Instituts für Ausländisches und Internationales Strafrecht, Freiburg im Breisgau |a Reihe K, Kriminologische Forschungsberichte |v 121 | |
| 502 | |a Zugl.: Freiburg (Breisgau), Univ., Diss., 2004 | ||
| 583 | 1 | |a Archivierung/Langzeitarchivierung gewährleistet |f PEBW |x XA-DE-BW |2 pdager |5 DE-31 | |
| 583 | 1 | |a Archivierung/Langzeitarchivierung gewährleistet |c 20211213 |f DISS |x XA-DE-BW |2 pdager |5 DE-25 | |
| 583 | 1 | |a Archivierung prüfen |c 20240324 |f DE-4165 |z 2 |2 pdager | |
| 650 | 0 | 7 | |0 (DE-588)4028892-4 |0 (DE-627)106276573 |0 (DE-576)208979980 |a Jugendhilfe |2 gnd |7 (dpeaa)DE-631 |
| 650 | 0 | 7 | |0 (DE-588)4028893-6 |0 (DE-627)106276565 |0 (DE-576)208979999 |a Jugendkriminalität |2 gnd |7 (dpeaa)DE-631 |
| 650 | 0 | 7 | |0 (DE-588)4028859-6 |0 (DE-627)104419199 |0 (DE-576)208979859 |a Jugend |2 gnd |7 (dpeaa)DE-631 |
| 650 | 0 | 7 | |0 (DE-588)4057808-2 |0 (DE-627)106149415 |0 (DE-576)20912377X |a Strafvollzug |2 gnd |7 (dpeaa)DE-631 |
| 650 | 0 | 7 | |0 (DE-588)4122370-6 |0 (DE-627)105762970 |0 (DE-576)209550805 |a Straffälligenhilfe |2 gnd |7 (dpeaa)DE-631 |
| 650 | 0 | 7 | |0 (DE-588)4062032-3 |0 (DE-627)106133764 |0 (DE-576)209142146 |a Untersuchungshaft |2 gnd |7 (dpeaa)DE-631 |
| 650 | 0 | 7 | |0 (DE-588)4386066-7 |0 (DE-627)188383034 |0 (DE-576)211895652 |a Haftverschonung |2 gnd |7 (dpeaa)DE-631 |
| 651 | 7 | |0 (DE-588)4004176-1 |0 (DE-627)106387154 |0 (DE-576)208854444 |a Baden-Württemberg |2 gnd |7 (dpeaa)DE-631 | |
| 655 | 7 | |a Hochschulschrift |0 (DE-588)4113937-9 |0 (DE-627)105825778 |0 (DE-576)209480580 |2 gnd-content | |
| 689 | 0 | 0 | |d g |0 (DE-588)4004176-1 |0 (DE-627)106387154 |0 (DE-576)208854444 |a Baden-Württemberg |2 gnd |
| 689 | 0 | 1 | |d s |0 (DE-588)4137830-1 |0 (DE-627)105647128 |0 (DE-576)209680938 |a Sanktion |2 gnd |
| 689 | 0 | 2 | |d s |0 (DE-588)4028943-6 |0 (DE-627)106276425 |0 (DE-576)208980164 |a Jugendstrafrecht |2 gnd |
| 689 | 0 | 3 | |d s |0 (DE-588)4033197-0 |0 (DE-627)106258532 |0 (DE-576)209000562 |a Kriminologie |2 gnd |
| 689 | 0 | |5 DE-101 | |
| 689 | 1 | 0 | |d g |0 (DE-588)4004176-1 |0 (DE-627)106387154 |0 (DE-576)208854444 |a Baden-Württemberg |2 gnd |
| 689 | 1 | 1 | |d s |0 (DE-588)4028859-6 |0 (DE-627)104419199 |0 (DE-576)208979859 |a Jugend |2 gnd |
| 689 | 1 | 2 | |d s |0 (DE-588)4219232-8 |0 (DE-627)105027154 |0 (DE-576)21025470X |a Straffälliger |2 gnd |
| 689 | 1 | 3 | |d s |0 (DE-588)4062032-3 |0 (DE-627)106133764 |0 (DE-576)209142146 |a Untersuchungshaft |2 gnd |
| 689 | 1 | 4 | |d s |0 (DE-588)4386066-7 |0 (DE-627)188383034 |0 (DE-576)211895652 |a Haftverschonung |2 gnd |
| 689 | 1 | |5 (DE-627) | |
| 689 | 2 | 0 | |d g |0 (DE-588)4004176-1 |0 (DE-627)106387154 |0 (DE-576)208854444 |a Baden-Württemberg |2 gnd |
| 689 | 2 | 1 | |d s |0 (DE-588)4028907-2 |0 (DE-627)106276530 |0 (DE-576)208980032 |a Jugendlicher Täter |2 gnd |
| 689 | 2 | 2 | |d s |0 (DE-588)4062032-3 |0 (DE-627)106133764 |0 (DE-576)209142146 |a Untersuchungshaft |2 gnd |
| 689 | 2 | 3 | |d s |0 (DE-588)4138905-0 |0 (DE-627)105639214 |0 (DE-576)209689943 |a Alternative |2 gnd |
| 689 | 2 | |5 (DE-627) | |
| 751 | |a Freiburg im Breisgau |0 (DE-588)4018272-1 |0 (DE-627)106326686 |0 (DE-576)208923535 |4 uvp | ||
| 776 | 0 | 8 | |i Elektronische Reproduktion |a Hotter, Imke, 1976 - |t Untersuchungshaftvermeidung für Jugendliche und Heranwachsende in Baden-Württemberg |d Freiburg i. Br. : edition iuscrim, Max-Planck-Institut für ausländisches und internationales Strafrecht, 2004 |w (DE-627)1897574681 |k Electronic |
| 810 | 2 | |a Max-Planck-Institut für Ausländisches und Internationales Strafrecht |t Schriftenreihe des Max-Planck-Instituts für Ausländisches und Internationales Strafrecht, Freiburg i. Br. |n K |p Kriminologische Forschungsberichte |v 121 |9 121 |w (DE-627)483127523 |w (DE-576)111883326 |w (DE-600)2183923-2 |x 1861-5937 |7 am | |
| 856 | 4 | 2 | |u https://swbplus.bsz-bw.de/bsz115564799inh.htm |m B:DE-576;DE-B212 |q application/pdf |v 20150519141919 |x Verlag |3 Inhaltsverzeichnis |7 1 |
| 856 | 4 | 2 | |u https://swbplus.bsz-bw.de/bsz115564799vlg.htm |m V:DE-576 |v 2007-11-30 |3 Inhaltstext |7 1 |
| 935 | |a BWLB | ||
| 935 | |i Blocktest | ||
| 936 | r | v | |a PH 4420 |b Einzeldarstellungen |k Rechtswissenschaft |k Strafrecht, Strafverfahrensrecht, Kriminologie |k Nebenstrafrecht |k Jugendstrafrecht |k Einzeldarstellungen |0 (DE-627)1272237168 |0 (DE-625)rvk/136135: |0 (DE-576)202237168 |
| 936 | r | v | |a PH 4910 |b Untersuchungshaft |k Rechtswissenschaft |k Strafrecht, Strafverfahrensrecht, Kriminologie |k Strafverfahrensrecht |k Zwangsmassnahmen und sonstige Eingriffsbefugnisse |k Untersuchungshaft |0 (DE-627)1272127168 |0 (DE-625)rvk/136161: |0 (DE-576)202127168 |
| 936 | r | v | |a PH 9140 |b Sanktionen im Jugendstrafrecht (hier auch Kriminalpädagogik bei Jugendlichen) |k Rechtswissenschaft |k Strafrecht, Strafverfahrensrecht, Kriminologie |k Kriminologie |k Pönologie; Kriminalpädagogik; Sanktionenforschung |k Sanktionen im Jugendstrafrecht (hier auch Kriminalpädagogik bei Jugendlichen) |0 (DE-627)127205392X |0 (DE-625)rvk/136534: |0 (DE-576)20205392X |
| 936 | b | k | |a 86.39 |j Jugendstrafrecht |0 (DE-627)181571994 |
| 936 | b | k | |a 86.80 |j Jugendrecht |0 (DE-627)181572028 |
| 951 | |a BO | ||
| ELC | |b 1 | ||
| LOK | |0 000 xxxxxcx a22 zn 4500 | ||
| LOK | |0 001 319374770X | ||
| LOK | |0 003 DE-627 | ||
| LOK | |0 004 475128885 | ||
| LOK | |0 005 20071029160216 | ||
| LOK | |0 008 050224||||||||||||||||ger||||||| | ||
| LOK | |0 040 |a DE-21 |c DE-627 |d DE-21 | ||
| LOK | |0 852 |a DE-21 | ||
| LOK | |0 852 1 |c 45 A 1113 |9 00 | ||
| LOK | |0 866 |x sf | ||
| LOK | |0 935 |a krim | ||
| LOK | |0 936ln |a k5.2.3 | ||
| LOK | |0 938 |l 34 |8 2 | ||
| LOK | |0 938 |l 29/10/07 |8 6 | ||
| LOK | |0 939 |a 24-02-05 |b l01 | ||
| LOK | |0 000 xxxxxcx a22 zn 4500 | ||
| LOK | |0 001 3193747785 | ||
| LOK | |0 003 DE-627 | ||
| LOK | |0 004 475128885 | ||
| LOK | |0 005 20100407234045 | ||
| LOK | |0 008 050126||||||||||||||||ger||||||| | ||
| LOK | |0 040 |a DE-21-110 |c DE-627 |d DE-21-110 | ||
| LOK | |0 541 |e 05/35 | ||
| LOK | |0 689 |a s |0 1311131671 |a Untersuchungshaft | ||
| LOK | |0 689 |a s |0 1311164480 |a Untersuchungshaftvermeidung | ||
| LOK | |0 689 |a g |0 1311164472 |a Baden-Württemberg <Bundesland> | ||
| LOK | |0 689 |a s |0 1311118586 |a Jugendliche | ||
| LOK | |0 689 |a s |0 1311151834 |a Heranwachsende | ||
| LOK | |0 689 |a s |0 1311164499 |a Haftvermeidung | ||
| LOK | |0 852 |a DE-21-110 | ||
| LOK | |0 852 1 |c S 75 121 |m p |9 00 | ||
| LOK | |0 938 |k p | ||
| LOK | |0 939 |a 26-01-05 |b l01 | ||
| LOK | |0 000 xxxxxcx a22 zn 4500 | ||
| LOK | |0 001 3193747793 | ||
| LOK | |0 003 DE-627 | ||
| LOK | |0 004 475128885 | ||
| LOK | |0 005 20100508163203 | ||
| LOK | |0 008 100508||||||||||||||||ger||||||| | ||
| LOK | |0 040 |a DE-21-24 |c DE-627 |d DE-21-24 | ||
| LOK | |0 541 |e 07/4728 | ||
| LOK | |0 852 |a DE-21-24 | ||
| LOK | |0 852 1 |c J,Vb*2,33 |m p |9 00 | ||
| LOK | |0 936ln |a J,Vb*2, | ||
| LOK | |0 938 |k p | ||
| LOK | |0 939 |a 05-11-07 |b l01 | ||
| LOK | |0 000 xxxxxcx a22 zn 4500 | ||
| LOK | |0 001 3193748765 | ||
| LOK | |0 003 DE-627 | ||
| LOK | |0 004 475128885 | ||
| LOK | |0 005 20050126000000 | ||
| LOK | |0 008 050126||||||||||||||||ger||||||| | ||
| LOK | |0 040 |a DE-Frei85 |c DE-627 |d DE-Frei85 | ||
| LOK | |0 852 |a DE-Frei85 | ||
| LOK | |0 852 1 |m p |9 00 | ||
| LOK | |0 938 |k p | ||
| LOK | |0 939 |a 26-01-05 |b l01 | ||
| ORI | |a SA-MARC-krimdoka001.raw | ||
| SIG | |a IFK: S 75 121 | ||
| SIG | |a UB: 45 A 1113 | ||
| TIM | |a 100019520101_100020261231 |b 1952 - 2026 | ||
